Miasta w województwie dolnośląskim - Statystyki

Ogólne statystyki
  • Ten quiz został rozwiązany 136 razy
  • Średni wynik to 40 z 91
Statystyki odpowiedzi
Lp. Populacja Miasto % Poprawnych
1 638,364 Wrocław
100%
2 114,065 Wałbrzych
93%
3 100,455 Legnica
92%
4 80,325 Jelenia Góra
88%
5 72,951 Lubin
85%
14 27,273 Kłodzko
82%
12 30,920 Zgorzelec
81%
7 57,761 Świdnica
79%
6 68,114 Głogów
78%
8 39,110 Bolesławiec
76%
68 4,734 Karpacz
74%
11 32,812 Oława
73%
9 37,347 Oleśnica
73%
10 33,707 Dzierżoniów
70%
17 22,508 Polkowice
65%
23 15,844 Złotoryja
64%
20 19,457 Kamienna Góra
63%
19 21,345 Lubań
62%
33 11,522 Milicz
62%
15 23,356 Jawor
61%
28 13,252 Trzebnica
61%
26 15,291 Ząbkowice Śląskie
61%
37 10,069 Kudowa-Zdrój
59%
50 6,625 Szklarska Poręba
59%
13 30,275 Bielawa
58%
21 17,911 Bogatynia
58%
40 8,994 Lwówek Śląski
56%
31 12,436 Strzelin
56%
32 12,007 Góra
55%
48 6,763 Kąty Wrocławskie
54%
38 9,428 Środa Śląska
53%
22 16,285 Strzegom
53%
34 11,130 Kowary
52%
18 22,504 Nowa Ruda
52%
30 12,451 Wołów
52%
65 5,073 Bolków
51%
24 15,828 Jelcz-Laskowice
49%
61 5,682 Lądek-Zdrój
49%
69 4,722 Duszniki-Zdrój
48%
53 6,462 Polanica-Zdrój
48%
16 22,887 Świebodzice
48%
74 4,227 Świeradów-Zdrój
46%
29 12,464 Brzeg Dolny
42%
36 10,300 Bystrzyca Kłodzka
42%
84 2,591 Bardo
41%
39 9,122 Oborniki Śląskie
38%
27 13,631 Chojnów
37%
25 15,640 Boguszów-Gorce
36%
49 6,674 Gryfów Śląski
36%
35 10,460 Syców
36%
57 6,151 Lubawka
35%
45 6,966 Sobótka
34%
81 2,831 Złoty Stok
34%
54 6,456 Żmigród
34%
83 2,621 Międzylesie
33%
59 5,778 Stronie Śląskie
32%
79 2,991 Niemcza
31%
62 5,681 Ścinawa
30%
47 6,769 Twardogóra
30%
43 7,245 Siechnice
29%
60 5,687 Szczawno-Zdrój
29%
56 6,251 Przemków
27%
64 5,170 Jaworzyna Śląska
26%
67 4,926 Jedlina-Zdrój
26%
85 2,420 Radków
26%
41 8,845 Ziębice
26%
70 4,554 Leśna
25%
66 4,962 Bierutów
23%
91 1,826 Wleń
23%
42 8,018 Chocianów
22%
76 3,945 Mirsk
21%
58 5,890 Pieńsk
21%
78 3,643 Prochowice
21%
89 2,250 Prusice
21%
80 2,886 Węgliniec
21%
90 1,930 Lubomierz
20%
86 2,359 Międzybórz
20%
55 6,333 Piechowice
20%
63 5,239 Szczytna
20%
52 6,479 Głuszyca
18%
72 4,241 Nowogrodziec
18%
75 4,153 Mieroszów
17%
71 4,370 Olszyna
17%
44 7,213 Pieszyce
17%
88 2,310 Świerzawa
17%
82 2,714 Wąsosz
17%
46 6,853 Żarów
17%
51 6,534 Piława Górna
14%
77 3,723 Wojcieszów
14%
73 4,233 Zawidów
14%
87 2,322 Wiązów
12%
Nie znaleziono quizów pasujących do podanych kryteriów
Rozkład punktacji
Procent ludzi z każdym wynikiem
Percentyl według liczby udzielonych odpowiedzi
Twoja historia wyników
Nie rozwiązałeś tego quizu